000 00536nam a2200181Ia 4500
008 151018s9999 xx 000 0 und d
082 _bRBASDV37816
_a891.463
100 _aसुशीला जोशी
245 _aअसंभव
250 _b1
260 _b"सोनाली प्रकाशन, कणकवली"
_c2004
300 _a199
600 _aसुशीला जोशी
630 _aअसंभव
700 _aसुशीला जोशी
730 _aअसंभव
942 _cBOOK
999 _c1037230
_d1037227